Vyhledání kreatívních pracovníků - test kreativních schopností
Vyhľadávanie kreatívnych pracovníkov vo vnútri podniku. Návrh, ako nájsť tvorivých pracovníkov priamo medzi zamestnancami pomocou testu kreatívnych schopností. Test je rozdelený do troch kôl, v ktorých sa postupne selektujú tí, ktorí majú najlepšie predpoklady k budúcej tvorivej práci. Ďalšie kroky,...
Uložené v:
| Hlavný autor: | |
|---|---|
| Médium: | Kapitola |
| Jazyk: | Czech |
| Predmet: | |
| Tagy: |
Žiadne tagy, Buďte prvý, kto otaguje tento záznam!
|
MARC
| LEADER | 00000nla$a2200000$$$4500 | ||
|---|---|---|---|
| 001 | 0076172 | ||
| 005 | 20220801085432.5 | ||
| 041 | 0 | |a cze | |
| 044 | |a CZ | ||
| 245 | 1 | 0 | |a Vyhledání kreatívních pracovníků - test kreativních schopností |c David Sousedík |
| 520 | |a Vyhľadávanie kreatívnych pracovníkov vo vnútri podniku. Návrh, ako nájsť tvorivých pracovníkov priamo medzi zamestnancami pomocou testu kreatívnych schopností. Test je rozdelený do troch kôl, v ktorých sa postupne selektujú tí, ktorí majú najlepšie predpoklady k budúcej tvorivej práci. Ďalšie kroky, ktoré nasledujú po uskutočnení testu kreativity. | ||
| 610 | 2 | 0 | |a podnik |
| 610 | 2 | 0 | |a zamestnanci |
| 610 | 2 | 0 | |a kreativita |
| 610 | 2 | 0 | |a testy |
| 100 | 1 | |a Sousedík, David | |